[Event "Moscow-ch (Women)"]
[Site "Moscow"]
[Date "2009.03.29"]
[Round "7"]
[White "Potikhoshkina, Nadezhda Viktorovna"]
[Black "Vasilkova, Svetlana"]
[Result "0-1"]
[WhiteElo "2210"]
[BlackElo "2371"]
[PlyCount "104"]
[EventDate "2009.03.23"]
[EventType "swiss"]
[EventRounds "9"]
[EventCountry "RUS"]
[SourceTitle "EXT 2010"]
[Source "ChessBase"]
[SourceDate "2010.11.25"]
[SourceVersion "1"]
[SourceVersionDate "2010.11.25"]
[SourceQuality "1"]

1. e4 c5 2. Nf3 d6 3. Bb5+ Nd7 4. 0-0 Ngf6 5. Re1 e5 6. c3 Be7 7. d4 Qc7 8. dxe5 dxe5 9. a4 0-0 10. Nbd2 a6 11. Bc4 h6 12. a5 Nb8 13. h3 Nc6 14. Nb3 Nd8 15. Nh4 Be6 16. Nd2 g6 17. Qb3 Kh7 18. Nhf3 Bxc4 19. Nxc4 Nc6 20. Bd2 Rad8 21. Qc2 Rfe8 22. Qc1 Bf8 23. Qb1 Qd7 24. Nb6 Qe6 25. Ra4 Nxa5 26. Rxa5 Qxb6 27. b4 Re6 28. Be3 Nd7 29. Qa2 Qc6 30. Qb1 Qc7 31. Rd1 Kg8 32. Rd5 b5 33. Ra2 Nf6 34. Rxd8 Qxd8 35. bxc5 Qc7 36. Nd2 Bxc5 37. Bxh6 Be7 38. Qd3 Rc6 39. Nb1 Nd7 40. Be3 Nc5 41. Qd5 Na4 42. Rd2 Nb6 43. Bxb6 Rxb6 44. Rd3 Kg7 45. Qb3 a5 46. Rd5 a4 47. Qb2 b4 48. Qd2 b3 49. Ra5 a3 50. Rxa3 Bxa3 51. Nxa3 Qd6 52. Qb2 Qxa3 0-1

[Event "Moscow-ch (Women)"]
[Site "Moscow"]
[Date "2009.03.26"]
[Round "4"]
[White "Gvanceladze, Anna"]
[Black "Potikhoshkina, Nadezhda Viktorovna"]
[Result "1/2-1/2"]
[WhiteElo "2070"]
[BlackElo "2210"]
[PlyCount "149"]
[EventDate "2009.03.23"]
[EventType "swiss"]
[EventRounds "9"]
[EventCountry "RUS"]
[SourceTitle "EXT 2010"]
[Source "ChessBase"]
[SourceDate "2010.11.25"]
[SourceVersion "1"]
[SourceVersionDate "2010.11.25"]
[SourceQuality "1"]

1. e4 g6 2. d4 d6 3. Nc3 Bg7 4. Bg5 c6 5. Qd2 Nd7 6. f4 h6 7. Bh4 b5 8. Nf3 a6 9. Bd3 Qc7 10. e5 Nb6 11. 0-0-0 d5 12. Rde1 Bg4 13. h3 Bxf3 14. gxf3 e6 15. Rhg1 Bf8 16. Bxg6 fxg6 17. Rxg6 Qf7 18. Reg1 Nc4 19. Qh2 Ne3 20. Bf6 Nxf6 21. Rxf6 Qh5 22. Qf2 Nf5 23. Rxe6+ Kd7 24. Reg6 Be7 25. R1g4 Raf8 26. Ne2 Bg5 27. e6+ Ke7 28. fxg5 Qxg6 29. Nf4 Qg7 30. Nh5 Qg6 31. Nf4 Qe8 32. g6 Ng7 33. Qe1 Qb8 34. Qh4+ Rf6 35. Nd3 Qd6 36. Nc5 h5 37. Nd7 Qxe6 38. Nxf6 Qxf6 39. Qe1+ Kd7 40. Rg1 Qf4+ 41. Kb1 Re8 42. Qa5 Qxd4 43. Rc1 Ne6 44. Qxa6 Nc7 45. Qa3 b4 46. Qb3 Qc4 47. Qxc4 dxc4 48. f4 Ke6 49. a4 Kf6 50. Rg1 Rg8 51. Rg5 Rxg6 52. Rc5 Ke7 53. Rxc4 Na6 54. b3 Kd6 55. Rd4+ Kc5 56. Rd7 Rf6 57. Ra7 Kb6 58. Rh7 Rf5 59. Kc1 Nc5 60. Kd2 Ne6 61. Kd3 Rxf4 62. Rxh5 Rf3+ 63. Kd2 Rf2+ 64. Kd1 Rh2 65. Rh4 Ka5 66. Rh5+ Kb6 67. Rh4 Kc5 68. Rc4+ Kd5 69. Rxb4 Nd4 70. Rc4 Rxh3 71. Kc1 c5 72. Kb2 Rh2 73. Rc3 Rf2 74. Rc4 Nc6 75. Rc3 1/2-1/2

[Event "Moscow-ch (Women)"]
[Site "Moscow"]
[Date "2009.03.24"]
[Round "2"]
[White "Potikhoshkina, Nadezhda Viktorovna"]
[Black "Kalmykova, Anastasia"]
[Result "0-1"]
[WhiteElo "2210"]
[BlackElo "2100"]
[PlyCount "92"]
[EventDate "2009.03.23"]
[EventType "swiss"]
[EventRounds "9"]
[EventCountry "RUS"]
[SourceTitle "EXT 2010"]
[Source "ChessBase"]
[SourceDate "2010.11.25"]
[SourceVersion "1"]
[SourceVersionDate "2010.11.25"]
[SourceQuality "1"]

1. e4 c5 2. Nf3 d6 3. Bb5+ Nc6 4. 0-0 Bd7 5. Re1 a6 6. Bf1 g6 7. c3 Bg7 8. h3 Nf6 9. d4 cxd4 10. cxd4 0-0 11. Nc3 Rc8 12. a4 Ne8 13. Bg5 h6 14. Be3 Kh7 15. Bd3 Na5 16. Qe2 Nc7 17. d5 Na8 18. Bf4 Nb6 19. e5 Rxc3 20. bxc3 Nxd5 21. Bd2 Nb3 22. Ra3 Nxd2 23. Qxd2 Bc6 24. c4 Nc7 25. Be4 d5 26. cxd5 Nxd5 27. h4 e6 28. h5 Qe7 29. Rd3 Bxa4 30. Bxd5 exd5 31. e6 fxe6 32. Ne5 gxh5 33. Rg3 Rf5 34. Qd3 Qf6 35. Rg6 Qe7 36. Rg3 h4 37. Rg4 Bb5 38. Qc2 h5 39. Rf4 Qg5 40. Rf3 Be8 41. Rh3 Qf6 42. Qc8 Rxe5 43. Rxe5 Qxe5 44. Qxe8 Qe1+ 45. Kh2 Be5+ 46. Rg3 hxg3+ 0-1

[Event "Moscow-ch (Women)"]
[Site "Moscow"]
[Date "2009.03.23"]
[Round "1"]
[White "Gunina, Valentina"]
[Black "Potikhoshkina, Nadezhda Viktorovna"]
[Result "1-0"]
[WhiteElo "2400"]
[BlackElo "2210"]
[PlyCount "81"]
[EventDate "2009.03.23"]
[EventType "swiss"]
[EventRounds "9"]
[EventCountry "RUS"]
[SourceTitle "EXT 2010"]
[Source "ChessBase"]
[SourceDate "2010.11.25"]
[SourceVersion "1"]
[SourceVersionDate "2010.11.25"]
[SourceQuality "1"]

1. d4 d5 2. c4 e6 3. Nc3 Nf6 4. Bg5 c6 5. e3 Nbd7 6. Nf3 Bd6 7. Qc2 0-0 8. Bd3 h6 9. Bh4 dxc4 10. Bxc4 e5 11. 0-0 exd4 12. exd4 Nb6 13. Bd3 Be7 14. Ne5 Nfd5 15. Nxd5 cxd5 16. Bxe7 Qxe7 17. f4 f6 18. Ng6 Qe3+ 19. Qf2 Qxf2+ 20. Kxf2 Re8 21. Rfe1 Be6 22. f5 Bf7 23. Rac1 Nc4 24. Bxc4 dxc4 25. Nf4 Rad8 26. Rxe8+ Rxe8 27. Re1 Rd8 28. d5 Rd7 29. Rd1 Rd6 30. Ke3 Kf8 31. Kd4 Ke7 32. Re1+ Kd7 33. Ne6 Rb6 34. Nc5+ Kd6 35. Ne4+ Kd7 36. Re2 Rb5 37. Nc3 Ra5 38. Kxc4 Kd6 39. b4 Ra6 40. Ne4+ Kc7 41. Nc5 1-0

[Event "RUS-ch (Women)"]
[Site "Elista"]
[Date "2000.05.18"]
[Round "8"]
[White "Bezgodova, Svetlana"]
[Black "Potikhoshkina, Nadezhda Viktorovna"]
[Result "1-0"]
[WhiteElo "2268"]
[BlackElo "2195"]
[PlyCount "87"]
[EventDate "2000.05.11"]
[EventType "swiss"]
[EventRounds "9"]
[EventCountry "RUS"]
[SourceTitle "CBM 076 Extra"]
[Source "ChessBase"]
[SourceDate "2000.07.11"]
[SourceVersion "1"]
[SourceVersionDate "2000.07.11"]
[SourceQuality "1"]

1. Nf3 g6 2. e4 d6 3. d4 Bg7 4. Nc3 Nd7 5. Be2 c6 6. 0-0 Qc7 7. Be3 Ngf6 8. h3 0-0 9. a4 e5 10. dxe5 dxe5 11. Qd2 Re8 12. Rfd1 Bf8 13. Bc4 Nc5 14. Ng5 Be6 15. Qe2 h6 16. Nxe6 Nxe6 17. Bxe6 Rxe6 18. Qc4 a5 19. Rd3 Qe7 20. f3 Qb4 21. b3 Kg7 22. Nd1 b5 23. axb5 cxb5 24. Qc7 a4 25. Nf2 h5 26. h4 a3 27. Nh3 Qe7 28. Qc3 b4 29. Qd2 Qc7 30. Bh6+ Kg8 31. Bxf8 Qb6+ 32. Kh1 Rxf8 33. c3 bxc3 34. Qxc3 Rd6 35. Rxa3 Rxd3 36. Qxd3 Rd8 37. Qc4 Qe3 38. Ra1 Kg7 39. Rb1 Rd4 40. Qb5 Nd7 41. Ra1 Qd2 42. Ra7 Kh6 43. Kh2 f6 44. Qc6 1-0

[Event "RUS-ch (Women)"]
[Site "Elista"]
[Date "2000.05.15"]
[Round "5"]
[White "Timurova, Lilia"]
[Black "Potikhoshkina, Nadezhda Viktorovna"]
[Result "1-0"]
[WhiteElo "2114"]
[BlackElo "2195"]
[PlyCount "115"]
[EventDate "2000.05.11"]
[EventType "swiss"]
[EventRounds "9"]
[EventCountry "RUS"]
[SourceTitle "CBM 076 Extra"]
[Source "ChessBase"]
[SourceDate "2000.07.11"]
[SourceVersion "1"]
[SourceVersionDate "2000.07.11"]
[SourceQuality "1"]

1. Nf3 d5 2. e3 Nf6 3. c4 c6 4. Nc3 g6 5. d4 Bg7 6. Bd3 0-0 7. 0-0 e6 8. Qe2 Nbd7 9. Rd1 Qc7 10. b3 b6 11. Bb2 Bb7 12. Rac1 Rac8 13. Ba3 c5 14. cxd5 exd5 15. Ba6 Rfe8 16. Bxb7 Qxb7 17. dxc5 Nxc5 18. Bb2 a6 19. b4 Nce4 20. b5 axb5 21. Qxb5 Rc5 22. Qb3 Nxc3 23. Rxc3 Ra5 24. Rcd3 Qa6 25. a3 Rb5 26. Qa2 Rd8 27. Be5 Rc5 28. Qa1 Rdc8 29. h3 Qxd3 30. Rxd3 Rc1+ 31. Rd1 Rxa1 32. Bxa1 Rc5 33. Bd4 Ra5 34. Bxb6 Rxa3 35. Bd4 Ne4 36. Bxg7 Kxg7 37. Nd4 Ra2 38. f3 Nf6 39. Rc1 Ra3 40. Kf2 Ra2+ 41. Rc2 Ra7 42. Ke2 h5 43. Kd3 Ra3+ 44. Rc3 Ra2 45. Nc2 Ra7 46. Kd4 Ra4+ 47. Kc5 g5 48. g4 hxg4 49. hxg4 Kg6 50. Nd4 Ra7 51. Nf5 Ra4 52. Kb5 Ra2 53. Rc6 Rf2 54. Nd4 Rf1 55. Kc5 Re1 56. Nf5 Rf1 57. Kd4 Rxf3 58. Ke5 1-0

[Event "RUS-ch (Women)"]
[Site "Elista"]
[Date "2000.05.12"]
[Round "2"]
[White "Kharashkina, Bairta"]
[Black "Potikhoshkina, Nadezhda Viktorovna"]
[Result "0-1"]
[WhiteElo "2090"]
[BlackElo "2195"]
[PlyCount "64"]
[EventDate "2000.05.11"]
[EventType "swiss"]
[EventRounds "9"]
[EventCountry "RUS"]
[SourceTitle "CBM 076 Extra"]
[Source "ChessBase"]
[SourceDate "2000.07.11"]
[SourceVersion "1"]
[SourceVersionDate "2000.07.11"]
[SourceQuality "1"]

1. e4 g6 2. d4 d6 3. Nf3 Bg7 4. Bd3 Nf6 5. 0-0 0-0 6. h3 Nc6 7. c3 e5 8. dxe5 dxe5 9. Be3 Qe7 10. Nbd2 a6 11. Qe2 Nh5 12. Rfe1 h6 13. Bc4 Nf4 14. Qf1 Na5 15. Bb3 Nxb3 16. Nxb3 b6 17. Bxf4 exf4 18. e5 Bb7 19. Nbd2 Rad8 20. Qc4 g5 21. Nd4 b5 22. Qe2 Rfe8 23. N2f3 Qd7 24. a4 c5 25. Nb3 Qd5 26. Na5 Rxe5 27. Qf1 Rxe1 28. Qxe1 Ba8 29. axb5 axb5 30. c4 bxc4 31. Qc1 c3 32. bxc3 Qd3 0-1

[Event "Moscow-ch (Women)"]
[Site "Moscow"]
[Date "2000.??.??"]
[Round "4"]
[White "Lopatskaya, Elena V"]
[Black "Potikhoshkina, Nadezhda Viktorovna"]
[Result "0-1"]
[WhiteElo "2328"]
[BlackElo "2195"]
[PlyCount "86"]
[EventDate "2000.??.??"]
[EventType "swiss"]
[EventRounds "9"]
[EventCountry "RUS"]
[SourceTitle "EXT 2001"]
[Source "ChessBase"]
[SourceDate "2000.11.22"]
[SourceVersion "1"]
[SourceVersionDate "2000.11.22"]
[SourceQuality "1"]

1. Nf3 d5 2. g3 c6 3. Bg2 Bg4 4. b3 Nd7 5. Bb2 Ngf6 6. 0-0 e6 7. c4 Be7 8. d4 0-0 9. Nc3 Re8 10. Re1 Bf8 11. h3 Bh5 12. Qc1 Ne4 13. Nxe4 dxe4 14. Ne5 f5 15. Nxd7 Qxd7 16. f3 exf3 17. exf3 Rad8 18. f4 Be7 19. Re3 Bf6 20. Rd3 Bf7 21. b4 e5 22. fxe5 Bxe5 23. d5 Qc7 24. Qd2 Bxg3 25. dxc6 Rxd3 26. Qxd3 bxc6 27. Qxf5 Bxc4 28. Rc1 Bxa2 29. Bxc6 Be6 30. Qe4 Re7 31. Rf1 Qd6 32. Qg2 Qxb4 33. Qxg3 Qxb2 34. Kh1 Qb6 35. Be4 Qc7 36. Qe3 Bf7 37. Qd3 g6 38. Bd5 Qd7 39. Rxf7 Rxf7 40. Kg2 Kf8 41. Qd4 Rf5 42. Qh8+ Ke7 43. Ba8 Qd2+ 0-1

[Event "Moscow-ch (Women)"]
[Site "Moscow"]
[Date "2000.??.??"]
[Round "3"]
[White "Mirzoeva, Elmira"]
[Black "Potikhoshkina, Nadezhda Viktorovna"]
[Result "1-0"]
[WhiteElo "2258"]
[BlackElo "2195"]
[PlyCount "77"]
[EventDate "2000.??.??"]
[EventType "swiss"]
[EventRounds "9"]
[EventCountry "RUS"]
[SourceTitle "EXT 2001"]
[Source "ChessBase"]
[SourceDate "2000.11.22"]
[SourceVersion "1"]
[SourceVersionDate "2000.11.22"]
[SourceQuality "1"]

1. Nf3 d5 2. b3 Bg4 3. Bb2 Bxf3 4. exf3 e6 5. d4 g6 6. g3 Bg7 7. f4 Ne7 8. Nd2 c5 9. Nf3 Nbc6 10. c3 cxd4 11. cxd4 Qa5+ 12. Qd2 Qxd2+ 13. Kxd2 0-0 14. Bh3 Nc8 15. Ne5 Nd6 16. Rac1 Rfc8 17. Ke3 a5 18. Nxc6 bxc6 19. Ba3 Bxd4+ 20. Kxd4 Nb5+ 21. Kc5 Nxa3 22. Bf1 a4 23. b4 Kf8 24. Bd3 Ke7 25. g4 Rab8 26. f5 gxf5 27. gxf5 e5 28. Ba6 Rc7 29. Rhe1 Kf6 30. Kd6 Ra7 31. Rxc6 Rd8+ 32. Kc5+ Kxf5 33. Bf1 e4 34. b5 Ke5 35. Kb4 Nc4 36. Bxc4 dxc4 37. Rxc4 f5 38. b6 Rb7 39. Kb5 1-0

[Event "Moscow-ch (Women)"]
[Site "Moscow"]
[Date "2000.??.??"]
[Round "9"]
[White "Potikhoshkina, Nadezhda Viktorovna"]
[Black "Makogonova, Nadezhda"]
[Result "1-0"]
[WhiteElo "2195"]
[BlackElo "2134"]
[PlyCount "77"]
[EventDate "2000.??.??"]
[EventType "swiss"]
[EventRounds "9"]
[EventCountry "RUS"]
[SourceTitle "EXT 2001"]
[Source "ChessBase"]
[SourceDate "2000.11.22"]
[SourceVersion "1"]
[SourceVersionDate "2000.11.22"]
[SourceQuality "1"]

1. e4 d5 2. exd5 Qxd5 3. Nc3 Qd6 4. d4 Nf6 5. Nf3 Bg4 6. h3 Bh5 7. g4 Bg6 8. Ne5 c6 9. Bf4 Qd8 10. Bg2 Nd5 11. Nxd5 cxd5 12. c4 e6 13. Qb3 Nc6 14. Qxb7 Nxd4 15. Rd1 Bc5 16. Nc6 Nc2+ 17. Kf1 Qc8 18. Qb5 Be7 19. Nxe7+ Kxe7 20. cxd5 a6 21. d6+ Kf8 22. Qb3 Ra7 23. Kg1 f6 24. d7 Rxd7 25. Kh2 e5 26. Be3 Rxd1 27. Rxd1 Nxe3 28. Qxe3 h5 29. Qb6 Be8 30. Rd8 Qc4 31. Qd6+ Kf7 32. Bd5+ Qxd5 33. Qxd5+ Kg6 34. gxh5+ Kxh5 35. Qe6 Kg6 36. Rxe8 Rxe8 37. Qxe8+ Kf5 38. Kg3 g5 39. Qc8+ 1-0